Normal view
MARC view
- Azmi Ahmad,
Entry Personal Name
001 - CONTROL NUMBER
- control field: 8970
003 - CONTROL NUMBER IDENTIFIER
- control field: OSt
005 - DATE AND TIME OF LATEST TRANSACTION
- control field: 20170727101820.0
008 - FIXED-LENGTH DATA ELEMENTS
- fixed length control field: 170727|| aca||aabn | a|a d
040 ## - CATALOGING SOURCE
- Original cataloging agency: OSt
- Transcribing agency: OSt
100 ## - HEADING--PERSONAL NAME
- Personal name: Azmi Ahmad,
- Dates associated with a name: 1971-
- Relator term: translator.
670 ## - SOURCE DATA FOUND
- Source citation: Work cat.: (OSt)0: Steger, Manfred B., 1961- author. 8969, GLOBALISASI :

PORTAL AKMAL
E-MEL JKDM
AKMAL2U
G-BAM
u-PUSTAKA